Οχτροί και φίλοι και άλλα διηγήματα
Αποθηκεύτηκε σε:
| Κύριος συγγραφέας: | |
|---|---|
| Μορφή: | Βιβλίο |
| Γλώσσα: | Greek |
| Δημοσίευση: |
Αθήνα :
Ίδρυμα Κώστα και Ελένης Ουράνη,
1997.
|
| Σειρά: | Νεοελληνική βιβλιοθήκη (Ίδρυμα Ουράνη)
|
| Θέματα: | |
| Ετικέτες: |
Προσθήκη ετικέτας
Δεν υπάρχουν, Καταχωρήστε ετικέτα πρώτοι!
|
MARC
| LEADER | 00000cam a2200000 i 4500 | ||
|---|---|---|---|
| 001 | 1/33076 | ||
| 008 | 060803s1997 gr | ||| |||| ||gre|| | ||
| 035 | |l 10084849 | ||
| 040 | |a GR-MyUa |b gre |e AACR2 | ||
| 041 | 0 | |a gre | |
| 082 | 7 | |a 889.3 |2 (22) | |
| 100 | 1 | |a Καμπύσης, Γιάννης, |d 1872-1901. | |
| 245 | 1 | 0 | |a Οχτροί και φίλοι και άλλα διηγήματα / |c Γιάννη Καμπύση. |
| 260 | |a Αθήνα : |b Ίδρυμα Κώστα και Ελένης Ουράνη, |c 1997. | ||
| 300 | |a 269 σ. ; |c 22 εκ. | ||
| 490 | 1 | |a (Νεοελληνική βιβλιοθήκη / Ίδρυμα Κώστα και Ελένης Ουράνη) | |
| 504 | |a Βιβλιογραφία: σ. [55]-61. Ευρετήριο. | ||
| 650 | 0 | |a Short stories, Greek (Modern) | |
| 830 | 0 | |a Νεοελληνική βιβλιοθήκη (Ίδρυμα Ουράνη) | |
| 852 | |a INST |b SYROS |e 20060803 |h 889.3 ΚΑΜ |p 005500004747 |q 005500004747 |t BK |y 0 | ||
| 901 | |a BIBL5-2006-2 | ||
| 970 | |a Κοντού |b Παρασκευή |z 03/08/2006 | ||